000 00517nam a22001577a 4500
999 _c9223
_d9223
008 210330b ||||| |||| 00| 0 eng d
040 _aBMS College of Architecture
100 _aSurender, Rati
245 _aWildlife research institute at Bheemeshwari 100km south of Bangalore
300 _a35p.
500 _a1BM02AT020
502 _8B.Arch
_NBMS College of Architecture, Visvesvaraya Technological University
_aProject report
_d2006
650 _aInstitute
700 _aRanjan Sridhar
_eGuide
942 _2ddc
_cTHE